Los valores humanos en un mundo cambiante : diálogo sobre el papel social de la religión /

Guardado en:
Autor Principal: Wilson, Bryan
Otros Autores: Ikeda, Daisaku
Formato: Libro
Publicado: Buenos Aires : Emecé, 1993
Materias:
Etiquetas: Agregar Etiqueta
Sin Etiquetas, Sea el primero en etiquetar este registro!
LEADER 00703nam a22002295a 4500
001 CEM.cems008935
005 20090922094640.0
008 130507s1993##################000#0#####d
003 CEMS
020 |a 9500412861 
082 0 4 |a 201 
100 1 |a Wilson, Bryan 
245 1 0 |a Los valores humanos en un mundo cambiante :  |b diálogo sobre el papel social de la religión /  |c Bryan Wilson, Daisaku Ikeda 
260 |a Buenos Aires :  |b Emecé,  |c 1993 
300 |a 335 p. 
653 |a Axiología 
653 |a Religión 
653 |a Religión y moral 
653 |a Sociología de la religión 
653 |a Valores humanos 
700 1 |a Ikeda, Daisaku 
859 |a CEMS  |b BIB. CEMS - 11 de abril  |h 201  |i Ik3  |p 18511.95  |t Ej.1